Hetalia Human Names - Statistics

General Stats
  • This quiz has been taken 357 times
  • The average score is 8 of 9
Answer Stats
Country Human Name % Correct
England Arthur Kirkland
97%
France Francis Bonnefoy
89%
Japan Kiku Honda
89%
America Alfred F. Jones
87%
Italy Feliciano Vargas
87%
Canada Matthew Williams
84%
China Wang Yao
77%
Russia Ivan Braginsky
73%
Germany Ludwig Beilschmidt
68%
No matching quizzes found
Score Distribution
Percent of People with Each Score
Percentile by Number Answered
Your Score History
You have not taken this quiz